Football: Les meilleurs buteurs de ces équipes allemandes. #4 - Statistiques

Statistiques générales
  • Ce quiz a été pris 92 fois
  • Le résultat moyen est 13 sur 30
Statistiques - réponses
Equipes Pays Joueurs % Correct
Bayern Munich Pologne Robert Lewandowski
98%
Pologne Robert Lewandowski
98%
Allemagne Thomas Muller
94%
Gabon Pierre-Emerick Aubameyang
93%
Norvège Erling Haaland
89%
Pays Bas Arjen Robben
84%
Borussia Dortmund Allemagne Marco Reus
83%
France Christopher Nkunku
73%
VFL Wolfsbourg Bosnie-Herzégovine Edin Dzeko
66%
Danemark Yussuf Poulsen
66%
Schalke 04 Pays-Bas Klaas-Jan Huntelaar
60%
Tchéquie Patrick Schick
60%
RB Leipzig Allemagne Timo Werner
60%
Suède Emil Forsberg
51%
Allemagne Florian Wirtz
49%
Pérou Claudio Pizarro
44%
Bulgarie Dimitar Berbatov
40%
Pérou Jefferson Farfan
21%
Brésil Giovanni Elber
20%
Pays-Bas Bas Dost
18%
Bayer Leverkusen Allemagne Stefan Kiessling
18%
Brésil Grafite
13%
Pays-Bas Wout Weghorst
13%
Ghana Gerald Asamoah
8%
Argentine Lucas Alario
8%
Allemagne Lars Ricken
3%
Allemagne Simon Terrode
3%
Allemagne Daniel Frahn
0%
Argentine Diego Klimowicz
0%
Allemagne Ebbe Sand
0%
Aucun quiz correspondant
Distribution des résultats
% des personnes avec chaque résultat
Percentile par nombre de réponses
Votre historique - résultats
Vous n’avez pas pris ce quiz